Fr. Conceicao Rodrigues College of Engineering

Production Techanology (Record no. 26695)

MARC details
000 -LEADER
fixed length control field 00324nam a2200145Ia 4500
082 ## - DEWEY DECIMAL CLASSIFICATION NUMBER
Classification number 670
Item number Jai/Gup
100 ## - MAIN ENTRY--PERSONAL NAME
Personal name Jain R.K./ Gupta/ S.C.
245 ## - TITLE STATEMENT
Title Production Techanology
260 ## - PUBLICATION, DISTRIBUTION, ETC.
Name of publisher, distributor, etc. Khanna pub.
Place of publication, distribution, etc. Delhi
Date of publication, distribution, etc. 1989
300 ## - PHYSICAL DESCRIPTION
Extent 1562
546 ## - LANGUAGE NOTE
Language note ENGLISH
654 ## - SUBJECT ADDED ENTRY--FACETED TOPICAL TERMS
Focus term Production Technology
942 ## - ADDED ENTRY ELEMENTS (KOHA)
Koha item type BOOK
Holdings
Withdrawn status Lost status Damaged status Not for loan Collection Home library Current library Shelving location Date acquired Total Checkouts Full call number Barcode Date last seen Price effective from Koha item type
        AFT Fr. Agnel's C.Rodrigues College of Engineering Fr. Agnel's C.Rodrigues College of Engineering   17/03/2023   670 Jai/Gup AFT5850 17/03/2023 17/03/2023 BOOK
        AFT Fr. Agnel's C.Rodrigues College of Engineering Fr. Agnel's C.Rodrigues College of Engineering   17/03/2023   670 Jai/Gup AFT5851 17/03/2023 17/03/2023 BOOK
        AFT Fr. Agnel's C.Rodrigues College of Engineering Fr. Agnel's C.Rodrigues College of Engineering   17/03/2023   670 Jai/Gup AFT5852 17/03/2023 17/03/2023 BOOK
        AFT Fr. Agnel's C.Rodrigues College of Engineering Fr. Agnel's C.Rodrigues College of Engineering   17/03/2023   670 Jai/Gup AFT5853 17/03/2023 17/03/2023 BOOK